Great Ideas in Management (Record no. 4481)

MARC details
000 -LEADER
fixed length control field 00340nam a2200145Ia 4500
008 - FIXED-LENGTH DATA ELEMENTS--GENERAL INFORMATION
fixed length control field 191201s2009 xx 000 0 und d
082 ## - DEWEY DECIMAL CLASSIFICATION NUMBER
Classification number 658
Item number PAG
100 ## - MAIN ENTRY--PERSONAL NAME
Personal name PARKINSON,C. Northcote
245 #0 - TITLE STATEMENT
Title Great Ideas in Management
250 ## - EDITION STATEMENT
Edition statement Rep
260 ## - PUBLICATION, DISTRIBUTION, ETC. (IMPRINT)
Place of publication, distribution, etc N. Delhi
Name of publisher, distributor, etc Vision Book
Date of publication, distribution, etc 2009
300 ## - PHYSICAL DESCRIPTION
Extent 214
650 ## - SUBJECT ADDED ENTRY--TOPICAL TERM
Topical term or geographic name as entry element BBA
942 ## - ADDED ENTRY ELEMENTS (KOHA)
Source of classification or shelving scheme Dewey Decimal Classification
Koha item type Text Books
Holdings
Withdrawn status Lost status Source of classification or shelving scheme Damaged status Not for loan Collection code Home library Current library Shelving location Date acquired Source of acquisition Cost, normal purchase price Bill Number Total Checkouts Full call number Acc. no. / Barcode Date last seen Date last borrowed Bill Date Koha item type Public note
    Dewey Decimal Classification     GENERAL PIET C-LIBRARY PIET C-LIBRARY Ref. Sec. R02 26/04/2010 J B C, New Delhi 225.00 SI-4915 1 658 PAG 15199 31/08/2023 02/08/2023 11/03/2010 Text Books History and Culture
    Dewey Decimal Classification     GENERAL PIET C-LIBRARY PIET C-LIBRARY Ref. Sec. R02 26/04/2010 J B C, New Delhi 225.00 SI-4915   658 PAG 15200 04/12/2019   11/03/2010 Reference Books  
    Dewey Decimal Classification     GENERAL PIET C-LIBRARY PIET C-LIBRARY Ref. Sec. R02 26/04/2010 J B C, New Delhi 225.00 SI-4915 2 658 PAG 15201 05/04/2022 30/03/2022 11/03/2010 Text Books Motivational
    Dewey Decimal Classification     GENERAL PIET C-LIBRARY PIET C-LIBRARY Ref. Sec. R02 26/04/2010 J B C, New Delhi 225.00 SI-4915   658 PAG 15202 04/12/2019   11/03/2010 Reference Books  
    Dewey Decimal Classification     GENERAL PIET C-LIBRARY PIET C-LIBRARY Ref. Sec. R02 26/04/2010 J B C, New Delhi 225.00 SI-4915 2 658 PAG 15203 09/05/2022 18/04/2022 11/03/2010 Text Books  
    Dewey Decimal Classification     GENERAL PIET C-LIBRARY PIET C-LIBRARY Ref. Sec. R02 26/04/2010 J B C, New Delhi 225.00 SI-4915   658 PAG 15204 04/12/2019   11/03/2010 Reference Books  

Design & Developed by: PIET Central Library
R70 Miles Stone Pattikalyana Samalkha Panipat 132102
mail ID :- [email protected], Phone No:- 0180-2569700 Ex.216